Study of stress among armed forces officers and its impact on their decision making (Record no. 492052)

000 -LEADER
fixed length control field 00537cam a22001457a 4500
008 - FIXED-LENGTH DATA ELEMENTS--GENERAL INFORMATION
fixed length control field 180718b2002 xxu||||| |||| 00| 0 eng d
082 ## - DEWEY DECIMAL CLASSIFICATION NUMBER
Classification number APPPA 2001-2002 KAU/21
100 ## - MAIN ENTRY--PERSONAL NAME
Personal name Kaur, Sudershan
245 ## - TITLE STATEMENT
Title Study of stress among armed forces officers and its impact on their decision making
Statement of responsibility, etc. by Sudershan Kaur
260 ## - PUBLICATION, DISTRIBUTION, ETC.
Place of publication, distribution, etc. New Delhi
Name of publisher, distributor, etc. Indian Institute of Public Administration
Date of publication, distribution, etc. 2002
300 ## - PHYSICAL DESCRIPTION
Extent v.p.
500 ## - GENERAL NOTE
General note An APPPA M. Phil. dissertation, 2001-02 (Guide: Lipi Mukhopadhyay)
650 ## - SUBJECT ADDED ENTRY--TOPICAL TERM
Topical term or geographic name entry element APPPA
650 ## - SUBJECT ADDED ENTRY--TOPICAL TERM
Topical term or geographic name entry element Armed forces - India
Holdings
Withdrawn status Lost status Damaged status Not for loan Permanent Location Current Location Date acquired Full call number Barcode Date last seen Price effective from Koha item type
        Indian Institute of Public Administration Indian Institute of Public Administration 2018-08-04 APPPA 2001-2002 KAU/21 GR15922 2018-08-04 2018-08-04 GR

Powered by Koha